219 Greek Logos Quiz - Statistics

General Stats
  • This quiz has been taken 76 times
    68 since last reset
  • The average score is 18 of 219
Answer Stats
Picture Hint Answer % Correct
Greek TV Alpha
65%
Αεροπορία που σημαίνει Αιγαίο Aegean
58%
Βενζινάδικο που σημαίνει Αιγαίο Aegean
58%
Γνωστά Μολύβια Bic
54%
Γνωστοί Χυμοί Amita
50%
Μπύρα που σημαίνει ΦΙΞ Fix
42%
G___ys Goodys
35%
_____ Fun Park Allou
31%
Ο κόσμος μας εσυ Cosmote
31%
D_g_a Digea
31%
Hell__ S_t Hellas Sat
31%
Σπαγγέτι Melissa
31%
Τηλεόραση και πρόγραμμα στην επίγεια Nova
31%
Εμπειρία και Κινηματογράφος Village
31%
Ελληνικό Κρασί Metaxa
27%
Ελληνικό Ρύζι 3Άλφα
23%
A_t__a _a_k Attica Bank
23%
A_d_o V_s_a_ Audio Visual
23%
Ελληνικά Αλλαντικά Creta Farm
23%
El______et Electronet
23%
Αρτοβιομηχανία και Ψωμί Karamolegos
23%
Η εφαρμογή του Cosmote What’s Up
23%
Σοκολάτα Υγείας Ιον
19%
Λαϊκό Λαχείο ΟΠΑΠ
19%
A_p_s B_n_ Aspis Bank
19%
Μουσική του ΑΝΤ1 H_a__n Heaven
19%
Ελληνική Τηλεόραση Mega Channel
19%
M_n__n L_n_s Minoan Lines
19%
Ελληνικό Λαχείο του ΟΠΑΠ Κίνο
15%
Ελληνικά Γιαούρτια Κρι Κρι
15%
Σκλ_β_ν_τ__ Σκλαβενίτης
15%
Τυρί η Γιαούρτι Φαγε
15%
ΑΕΚ
15%
Cryp__ Crypto
15%
E_d_ Ecdl
15%
H___e__c S__w_y_ Hellenic Seaways
15%
I___r In.gr
15%
1 Γράμμα της Wind Q
15%
Skr___z Skroutz
15%
T__k_r_s Tsakiris
15%
(Δημόσια Επιχείρηση Ηλεκτρισμού) ΔΕΗ
12%
(Ελληνικά Ταχυδρομεία) ΕΛΤΑ
12%
(Εθνικός Οργανισμός Παροχής Υπηρεσιών Υγείας) ΕΟΠΥΥ
12%
Πετρέλαιο Θέρμανσης Ετεκα
12%
Ελληνικός Καφές Λουμίδης
12%
Φυσικά Αναψυκτικά Λούξ
12%
Μ____τ_ς Μασούτης
12%
Ελληνικό Γάλα Μεβγάλ
12%
99,2 στο Ραδιόφωνο Μελωδία
12%
Ελληνικό Λάδι Μινέρβα
12%
Ελληνικά Λαχανικά Μπάρμπα Στάθης
12%
Γάλα και Τυρί και Πολλά Νουνού
12%
Computers H/Y Πλαίσιο
12%
Τ_ Χ_______ Τ__ Π______ Το Χαμόγελο Του Παιδιού
12%
Διαλέγεις … Διαλέγεις Ποιότητα Υφαντής
12%
____ά ___ά Χρυσά Αυγά
12%
Παναθηναϊκός
12%
Ηρακλής
12%
ΟΦΗ
12%
F___h_e_ Forthnet
12%
G_tit__w.g_ Getitnow.gr
12%
H_ll__ D_re__ Hellas Direct
12%
K_r____a Kerafina
12%
Κινηματογράφος Odeon
12%
O__ T_ Ote TV
12%
Ελληνικό Πετρέλαιο Εκο
8%
Βιομηχανία Ζάχαρης στην Ελλάδα (ΕΒΖ) Ελληνική Βιομηχανία Ζάχαρης
8%
(ΕΔΤ) Ελληνική Δημόσια Τηλεόραση
8%
(Emporiki Bank) Εμπορική Τράπεζα
8%
Ερα____ Ερασπορ
8%
Σοκολάτες Κουβερτούρες Εργαστήρι Παυλίδης
8%
Ευρ__α Εύρηκα
8%
Αναψυκτικά Τσάι κα Έψα
8%
___________ Αθηνών Ηλεκτρονική
8%
Ελληνική Φέτα Ήπειρος
8%
Ελληνικό Νερό Ιού Ιόλη
8%
Κ____μάνης Καλλιμάνης
8%
Ελληνικό Ψωμί Κατσέλης
8%
Ελληνικό Ούζο Μαλαματίνα
8%
Οργανισμός Βιβλίων Οεδβ
8%
Ελληνική Αεροπορία Ολυμπιακή
8%
Ελληνικό Ούζο Ούζομίνι
8%
Τράπεζα ________ Πειραιώς
8%
Ελληνικά Κοτόπουλα Πίνδος
8%
Ραδιόφωνο του ΑΝΤ1 Ρυθμός
8%
Εκδόσεις Σ_ββ_λ__ Σαββάλας
8%
Ελληνική Τηλεόραση Σκάϊ
8%
Σ__λλ_ Στέλλα
8%
Τ_χ_δρ_μ_κ_ Τ____υτ___ο Ταχυδρομικό Ταμιευτήριο
8%
Εφημερίδες Το Βήμα
8%
Ελληνική Στάση Τραμ
8%
____ή ___η Χρυσή Ζύμη
8%
Ολυμπιακός Πειραιώς
8%
ΠΑΟΚ Θεσσαλονίκης
8%
Άρης Θεσσαλονίκης
8%
Λεβαδειακός
8%
Παναιτωλικός
8%
Αστέρας Τρίπολης
8%
Εργοτέλης
8%
Πανιώνιος
8%
Πανσερραϊκός
8%
Ουζερί Μπύρες Ούζο 12
8%
Προϊόντα Μαστίχας Mastic Spa
8%
Γνωστοί Χυμοί Ήβη
4%
Ηλιακοί Θερμοσίφωνες Μαλτέζος
4%
Κατάστημα Παιχνιδιών Μουστάκας
4%
Σουπερμάρκετ Αβ Βασιλόπουλος
4%
Α__α Β_____η Αβγά Βλαχάκη
4%
Α______η Αλλατίνη
4%
Οργανισμός Αρκούδας Αρκτούρος
4%
Φυσικό Μεταλλικό Νερό Αύρα
4%
Ανακύκλωση Μπαταριών Αφής
4%
Νηστίσιμα Λαγάνες Σάντουιτς Βενέτης
4%
Το Ελληνικό Σουπερμάρκετ Γαλαξίας
4%
Αλυσίδα Καταστημάτων Γερμανός
4%
Γ__τ_ς Γιώτης
4%
Γ__γ_ρης Γρηγόρης
4%
Τρόφιμα Γιαούρτι Γάλα κα Δέλτα
4%
Ραδιόφωνο του Star Δίεση
4%
Ελληνική Φετα Δωδώνη
4%
Ελληνικά Παγωτά Δωδώνη
4%
Το σήμα είναι στην Πλατεία Κοτζιά Εθνική Τράπεζα
4%
Ελληνική Εφημερίδα Ελευθεροτυπία
4%
Εν__ς Εντός
4%
Εφημερίδες Η Καθημερινή
4%
(Η Πίττα Του Παππού) Η Πίτα Του Παππού
4%
(Κέντρο Εξυπηρέτησης Πολιτών) ΚΕΠ
4%
Ελληνικό Νερό Κορπή
4%
Ελληνικό Τοστ Κρίς Κρίς
4%
Έμπλαστρο Λέοντος
4%
Ελληνική Ασφάλεια Μινέττα
4%
Μ___Ο ΜΙΣΚΟ
4%
Γλυκίσματα από την Παπαδόπουλου Μπισκότα Μιράντα
4%
(Ελληνικός Ζύθος Μύθος
4%
Ελληνικά Νερά Κρήτης Νερά Κρήτης
4%
Π_π__τς_ν_ς Παπουτσάνης
4%
Φροντιστήριο Πουκαμισάς
4%
Ελληνικό Γιαούρτι Ροδόπη
4%
Φ_κ_ς Φωκάς
4%
Λάρισα
4%
Κέρκυρα
4%
Πρόγνωση Καιρού Meteo
4%
Patrameds.gr
4%
St_r C___m_s Ster Cinemas
4%
Y____r You.gr
4%
Ελληνικά Αναψυκτικά Τεμένια
0%
Τσιμέντα Ελληνικά ΑΓΕΤ Ηρακλής
0%
Βούτυρο και Γάλα Αγνό
0%
Ελαιόλαδο και Εκλεκτό Άλτις
0%
(Ανώνυμη Ναυτιλιακή Εταιρεία Κρήτης) Ανεκ
0%
Λουκάνικα: Το εν τελεί τέλεια είναι… απ_λ____α Απέλιστρα
0%
Η Άθε με την κουκουβάγια είναι… Απογευματινή
0%
Α___ς Άσσος
0%
Ελληνικό Μελι Αττική
0%
Μέτρο στην Αθήνα Αττικό Μέτρο
0%
Ελληνική Μπυρα Β__γ__α Βεργίνα
0%
Αυθεντικά Χάλια Β__κ____τ Βιοκαρπέτ
0%
Ελληνικό Βούτυρο Βιτάμ
0%
Γάλα από την Δέλτα Βλάχας
0%
Ελληνικό Κοινοβούλιο Βουλή Των Ελλήνων
0%
Ταχυδρομείο στην Ελλάδα Γενική Ταχυδρομική
0%
Ελληνικά Αναψυκτικά Κρήτης Γεράνι
0%
Γ__τ__υ_ης Γκατσούλης
0%
Δ_σ____ς Δεσύλλας
0%
Ελληνικό Ραδιόφωνο Δρόμος
0%
(Ελληνικά Αμυντικά Συστήματα) ΕΑΣ
0%
Ελληνικά Παγωτά Εβγά
0%
Ε__σ_α Έδεσμα
0%
Περιέχει Ελληνικές Μπυρες Pills Hellas,Blue Island κ.α. Εζα
0%
Ε_ν__η Λ_ρ__η Σκηνή Εθνική Λυρική Σκηνή
0%
Ε_ν__ο Θ_α__ο Εθνικό Θέατρο
0%
Ανεξάρτητη αρχή ελέγχου τήρησης της ραδιοτηλεόρασης νομοθεσίας ΕΣΡ/Εθνικό Συμβούλιο Ραδιοτηλεόρασης
0%
_____ της Κυριακής Έθνος
0%
Ελληνικά Προϊόντα Ελαϊς
0%
(Ελληνική Βιομηχανία Οχημάτων) Ελβο
0%
Ελληνική Βενζίνη Ελιν
0%
(ΕΛΠΕ) Ελληνικά Πετρέλαια
0%
Ένωση ελληνικών Θεάτρων (ΕΛΛΘΕΑ) Ελληνική Θεαμάτων
0%
Ε_π__α Ελπίδα
0%
No Hint Εσακε
0%
Ύδρευση Νερού ΕΥΔΑΠ
0%
Θ_α__ο Τ_χ__ς Θέατρο Τέχνης
0%
Ο ηγέτης στην εκπαίδευση ΙΕΚ Ακμή
0%
(Ινστιτούτο Καταναλωτών) Ίνκα
0%
Ελληνικές πίτες και αλλά Κανάκι
0%
Κ_δ__ς Κέδρος
0%
Ελληνικά Κανελόνια Κρητική Γη
0%
Ελληνικά Αναψυκτικά Κρίνος
0%
Πρώην Τράπεζα Μαρφίν
0%
Μ_γ__ο Μ____κ_ς Μέγαρο Μουσικής
0%
Νοσοκομείο Μετροπολιταν
0%
Κοτόπουλα Μ_____ς Μιμίκος
0%
Ελληνικό Αλεύρι Μύλοι Αγίου Γεωργίου
0%
Ν___ς Νικάς
0%
Ελληνικός Σιδηρόδρομος ΟΑΣΑ
0%
Ελληνικά Προϊόντα Ολύμπος
0%
Ελληνικά Παγωτά Παγωτομάνια
0%
Τράπεζα της Ελλάδος Πανελλήνια Τράπεζα
0%
Π_________ς Παπαστράτος
0%
Μπυρα Αττικής Πειραϊκή
0%
Π___ Π__ Πίτα Παν
0%
Τ__κ_ν___ Τερκενλής
0%
Ελληνική Έκδοση Το Πρώτο Θέμα
0%
Το Χ_______ο Το Χωριάτικο
0%
Τ__κ_ρ_ς Μ_λλ_ς Τσακίρης Μαλλάς
0%
Φ____ Κ______ Φάρμα Κουκάκη
0%
Φ_______ Ν____ Φίλιππος Νάκας
0%
Χ_______υ Χαΐτογλου
0%
Χ_λ_β______ Ε_____ς Χαλυβουργία Ελλάδος
0%
Φίλτρα και Χαρτιά Χαρτάκια Του Παππού
0%
Άγιος Σάββας
0%
Καβάλα
0%
Ελληνικό Ραδιόφωνο Σπορ FM
0%
Kidcare
0%
P__hf____r.gr Pathfinder.gr
0%
Γνωστό Περιοδικό PC Master
0%
P_b__c Public
0%
Γνωστό Ραδιόφωνο Red FM
0%
Tur__x Turbox
0%
No matching quizzes found
Score Distribution
Percent of People with Each Score
Percentile by Number Answered
Your Score History
You have not taken this quiz since the last reset